Increased Gene Expression of Phenylethanolamine N-methyltranferase in Spleen of Stressed Rats

Bibliographic Details
Main Authors: Jeloková, J. (Author), Sabban, E. L. (Author), Rusnák, M. (Author), Kvetňanský, Richard, 1937- (Author)
Format: Article
Language:English

MARC

LEADER 00000nab a2200000uu 4500
001 vtls010879062
003 SK-MaSNL
005 20260303182252.0
008 230303|1998 xo |||||||||||||||||eng|
015 |a SNBRB 
035 |a (urnnbn)urn:nbn:sk:snk:ar-005vpf 
035 |a (uuid)25b02146-f56e-41b4-a6c6-63c60a586e42 
035 |a urn:nbn:sk:snk-ab7n3v 
040 |a SNKBUCL  |b slo  |c SNKBUCL  |e AACR2 
041 0 |a eng 
044 |a xo  |c SK 
100 1 |a Jeloková, J.  |4 aut  |9 1209830 
245 1 0 |a Increased Gene Expression of Phenylethanolamine N-methyltranferase in Spleen of Stressed Rats  |c J. Jeloková, M. Rusnák, R. Kvetňanský, E. L. Sabban 
700 1 |a Sabban, E. L.  |4 aut  |9 1209831 
700 1 |a Rusnák, M.  |4 aut  |9 642774 
700 1 |a Kvetňanský, Richard,  |d 1937-  |4 aut  |9 85630 
773 0 |t Chemical papers  |g Roč. 52, č. Focus Issue (1998), s. 424-425 
958 |a OND 
958 |a EUIPO 
958 |a article8 
999 |c 2116321  |d 2118251